Misteri but no 5

Bibliographic Details
Main Author: Rosdell M.A
Format: Book
Published: Shah Alam : Grup Buku Karangkraf Sdn. Bhd. , 2014
Subjects:

MARC

LEADER 00000cam a2200000 7i4500
001 0000217607
005 20170705.0
020 |a 9789674460228 
090 0 0 |a JF   |b ROS 
100 0 |a Rosdell M.A 
245 1 0 |a Misteri but no 5   |c Rosdell M.A 
260 |a Shah Alam :   |b Grup Buku Karangkraf Sdn. Bhd. ,   |c 2014 
300 |a 227p. :   |b ill. ;   |c 19cm. 
650 0 |a Children's stories 
999 |a 00344416   |b BUKU   |c PINJAMAN   |e PERPUSTAKAAN KOMUNITI PETALING JAYA